| 000 | 00877nac a22002531i 4500 | ||
|---|---|---|---|
| 008 | 230725s2005 nju||||| |||| 00| 0 eng d | ||
| 010 | _a2004044425 | ||
| 020 | _a0131442570 | ||
| 040 |
_aEG-ScBUE _cEG-ScBUE |
||
| 082 | 0 | 4 |
_a004.6 _bS7827 _222 |
| 100 | 1 | _aStallings, William. | |
| 245 | 1 | 0 |
_aBusiness data communications / _cWilliam Stallings. |
| 250 | _a5th ed. | ||
| 260 |
_aUpper Saddle River, NJ : _bPearson/Prentice Hall, _c2005. |
||
| 300 |
_axviii, 584 p. : _bill. ; _c25 cm. |
||
| 650 | 0 |
_aBusiness _xData processing. _2BUEsh |
|
| 650 | 0 |
_aBusiness _xCommunication systems _xData processing. _2BUEsh |
|
| 650 | 0 |
_aLocal area networks (Computer networks) _2BUEsh |
|
| 650 | 0 |
_aData transmission systems. _2BUEsh |
|
| 650 | 0 |
_aBusiness enterprises _xComputer networks. _2BUEsh |
|
| 650 | 0 |
_aElectronic commerce. _2BUEsh |
|
| 651 | _2BUEsh | ||
| 942 |
_cBB _2ddc |
||
| 999 |
_c30495 _d30466 |
||